000 00352nam a2200109Ia 4500
008 171204s9999 xx 000 0 und d
245 _aHollywood's America : Understanding History Through Film:
245 _cRandy W. Roberts and Steven Mintz
260 _c2016
650 _xINTRODUCTION TO FILM
856 _uhttp://down.ebook777.com/040/1118976495.pdf
999 _c346091
_d346091